00631nam a2200145Ia 4500008004100000024005900041082001800100100007800118245006800196260002600264600002700290650003300317856011800350999001700468260210s9999 xx 000 0 und d a09B-99-EE, 09B-105-EE, 09B-128-EE & 09B-161-EE a629.83072 SHE aSheheryar Abbas, Muhammad Akhtar, Amir Saleem Akhtar & Afshar Ahtsham 0aDomestic Water Flow Monitoring and Controlling System Using GSM aKarachi:bUITU,c2009 aElectronic Engineering aBachelor of Engineering (BE) uhttps://drive.google.com/file/d/1RErForJWgHqnby-qM4wNT412NyaJv8Qf/view?usp=sharingyClick here for Online Reading c33060d33060